Historia de límites entre las repúblicas de Panamá y Costa Rica

Enregistré dans:
Détails bibliographiques
Auteur principal: Rivera Forero, Franklin
Format: Texte
Publié: Panamá: s. e.
Tags: Ajouter un tag
Pas de tags, Soyez le premier à ajouter un tag!

MARC

LEADER 00000 a a2200000 04500
001 24812
003
040
090 |a 174800  
100 |a Rivera Forero, Franklin  
245 |a Historia de límites entre las repúblicas de Panamá y Costa Rica  
260 |a Panamá:   |b s. e.  
300 |a 139 p.  
999 |c 13094  |d 13094